| 000 | 004220000a22001810004500 | ||
|---|---|---|---|
| 003 | MACL | ||
| 005 | 20160129145632.0 | ||
| 008 | 160129b xxu||||| |||| 00| 0 eng d | ||
| 040 |
_aMACL _cMACL |
||
| 041 | _aEnglish | ||
| 082 | _a823/RUS | ||
| 100 |
_aMatthews, David _99434 |
||
| 245 | _aUmnao, Jan Ada | ||
| 260 |
_bRupa And Co _c1996 _aNoida |
||
| 350 | _a95 | ||
| 650 |
_aFiction _935424 |
||
| 942 |
_cBK _k823/Rus _2ddc |
||
| 999 |
_c31685 _d31685 |
||